A review of the President's fiscal year 2013 budget request for the Army Corps of Engineers : hearing before the Subcommittee on Water Resources and Environment of the Committee on Transportation and Infrastructure, House of Representatives, One Hundred Twelfth Congress, second session, March 27, 2012.

Bibliographic Details
Corporate Author: United States. Congress. House. Committee on Transportation and Infrastructure. Subcommittee on Water Resources and Environment
Format: Government Document eBook
Language:English
Published: Washington : U.S. G.P.O., 2012.
Subjects:
Online Access:https://purl.fdlp.gov/GPO/gpo28408

MARC

Tag First Indicator Second Indicator Subfields
LEADER 00000cam a2200000 a 4500
001 in00002781828
005 20211120170028.0
006 m d f
007 cr bn|||||||||
008 120919s2012 dcua o f000 0 eng c
035 |a (OCoLC)ocn810273994 
040 |a GPO  |c GPO  |d MvI  |d UtOrBLW 
042 |a pcc 
043 |a n-us--- 
049 |a WWW 
050 1 4 |a KF27  |b .P8968 2012b 
074 |a 1024-C-01 (online) 
086 0 |a Y 4.T 68/2:112-79 
110 1 |a United States.  |b Congress.  |b House.  |b Committee on Transportation and Infrastructure.  |b Subcommittee on Water Resources and Environment. 
245 1 2 |a A review of the President's fiscal year 2013 budget request for the Army Corps of Engineers :  |b hearing before the Subcommittee on Water Resources and Environment of the Committee on Transportation and Infrastructure, House of Representatives, One Hundred Twelfth Congress, second session, March 27, 2012. 
264 1 |a Washington :  |b U.S. G.P.O.,  |c 2012. 
300 |a 1 online resource (xiii, 110 pages) :  |b illustrations 
336 |a text  |b txt  |2 rdacontent 
337 |a computer  |b c  |2 rdamedia 
338 |a online resource  |b cr  |2 rdacarrier 
500 |a Title from title screen (viewed on Sept. 19, 2012). 
500 |a Paper version available for sale by the Supt. of Docs., U.S. G.P.O. 
500 |a "112-79." 
500 |a Electronic resource. 
610 1 0 |a United States.  |b Army.  |b Corps of Engineers.  |b Civil Works Directorate  |x Appropriations and expenditures. 
650 0 |a Water resources development  |z United States  |x Finance. 
610 1 0 |a United States.  |b Army.  |b Corps of Engineers  |x Civil functions. 
776 0 8 |i Print version:  |a United States. Congress. House. Committee on Transportation and Infrastructure. Subcommittee on Water Resources and Environment.  |t Review of the President's fiscal year 2013 budget request for the Army Corps of Engineers  |w (OCoLC)810272775 
776 0 8 |i Microfiche version:  |a United States. Congress. House. Committee on Transportation and Infrastructure. Subcommittee on Water Resources and Environment.  |t Review of the President's fiscal year 2013 budget request for the Army Corps of Engineers  |w (OCoLC)828112889 
856 4 0 |u https://purl.fdlp.gov/GPO/gpo28408  |t 0 
999 |a MARS 
999 f f |s c3b20533-9a60-399d-91e2-5405368b6f87  |i 21a481e2-6dc1-308b-b3a2-f3b6acd4937a  |t 0 
952 f f |a Texas A&M University  |b College Station  |c Electronic Resources  |d Available Online  |t 0  |e Y 4.T 68/2:112-79  |h Superintendent of Documents classification 
998 f f |a Y 4.T 68/2:112-79  |t 0  |l Available Online